Aankho aankho main : (Record no. 43319)

MARC details
000 -LEADER
fixed length control field 01005njm a22002537a 4500
005 - DATE AND TIME OF LATEST TRANSACTION
control field 20100901102610.0
006 - FIXED-LENGTH DATA ELEMENTS--ADDITIONAL MATERIAL CHARACTERISTICS--GENERAL INFORMATION
fixed length control field a|||||r|||||00| 0
007 - PHYSICAL DESCRIPTION FIXED FIELD--GENERAL INFORMATION
fixed length control field sd ammalaaahaa
008 - FIXED-LENGTH DATA ELEMENTS--GENERAL INFORMATION
fixed length control field 100901t xxu||||| |||| 00| 0 eng d
028 ## - PUBLISHER NUMBER
Publisher number N 88142
Source His master's voice
035 ## - SYSTEM CONTROL NUMBER
System control number GR-237
040 ## - CATALOGING SOURCE
Original cataloging agency SED
Transcribing agency SED
100 ## - MAIN ENTRY--PERSONAL NAME
Personal name Talat Mahmood
9 (RLIN) 17837
245 ## - TITLE STATEMENT
Title Aankho aankho main :
Statement of responsibility, etc by Talat Mahmood ; music by Khayyam ; lyrics by Faiyaz Jaipuri
Medium [sound recording]
Remainder of title gajal /
246 ## - VARYING FORM OF TITLE
Title proper/short title आँखों आँखों में / तलत महमूद
260 ## - PUBLICATION, DISTRIBUTION, ETC. (IMPRINT)
Place of publication, distribution, etc Dum Dum, India
Name of publisher, distributor, etc His master's voice
300 ## - PHYSICAL DESCRIPTION
Extent 1 sound disc [Gramophone Recording] :
Other physical details analog, 33 1/3rpm ;
Dimensions 9.5 in. (MP)
Type of unit Gramaphone Records
500 ## - GENERAL NOTE
General note Brief record
505 ## - FORMATTED CONTENTS NOTE
Formatted contents note Side-2 (उनके जलवे समेट लाई है ) (Unke jalwe samet lai hai) (Talat Mahmood)
650 ## - SUBJECT ADDED ENTRY--TOPICAL TERM
Topical term or geographic name as entry element Classical music
General subdivision excerpts
Geographic subdivision India
9 (RLIN) 17838
700 ## - ADDED ENTRY--PERSONAL NAME
Personal name Khayyam
9 (RLIN) 17839
700 ## - ADDED ENTRY--PERSONAL NAME
Personal name Faiyaz Jaipuri
9 (RLIN) 17869
942 ## - ADDED ENTRY ELEMENTS (KOHA)
Source of classification or shelving scheme Dewey Decimal Classification
Item type Gramaphone Records

No items available.


© Delhi Public Library
Hit Counter
free hit counter